| 000 | 00480pab a2200157 454500 | ||
|---|---|---|---|
| 008 | 180718b2015 xxu||||| |||| 00| 0 eng d | ||
| 100 | _aWatanabe, Hiroaki Richard | ||
| 245 | _aThe struggle for revitalisation by Japanese labour unions: worker organising after labour-market deregulation | ||
| 260 | _c2015 | ||
| 300 | _ap.510-530. | ||
| 362 | _aAug | ||
| 650 | _aTrade uinions - Japan | ||
| 650 | _aTrade unions | ||
| 773 | _aJournal of Contemporary Asia | ||
| 909 | _a109446 | ||
| 999 |
_c109441 _d109441 |
||